000 00600nam a2200229Ia 4500
003 OSt
005 20220928105236.0
006 a|||||r|||| 00| 0
007 ta
008 220927b |||||||| |||| 00| 0 eng d
024 _a93815
037 _cTextual
040 _aSDCL
_cSDCL
_beng
041 _2eng
_aeng
082 _aO152,1N2:g, L0
100 _aUpendra
_9404628
245 0 _aChhayavadi kaviyon ki geet-srishti.
260 _aKanpur
_bYugvani Prakashan
_c1970
300 _a343,vip
_ccm.
942 _hO152,1N2:g, L0
_cTEXL
_2CC
999 _c730313
_d730313